000 00562nam a2200181 a 4500
005 20260702183512.0
020 _a9789732103456
100 1 _aMarai, Sandor
245 1 0 _aA gyertyak csonkig egnek
260 _aBudapest
_bHelikon
_c2017
041 0 _ahun
650 0 _aRoman maghiar
942 _cBK
999 _c28
_d28
520 _aRoman psihologic maghiar despre prietenie, onoare și trădare; o singură noapte de confruntare între doi vechi prieteni readuce trecutul la lumină.
300 _a180 p.
_c20 cm
546 _aText în limba maghiară
082 0 4 _a821.511.141-31 MAR